The Study of the Coagulation Process in Droplet Samples of Bioliquids; Космическое приборостроение

Detaylı Bibliyografya
Parent link:Космическое приборостроение.— 2015.— [С. 350-352]
Yazar: Nosova E. V. Ekaterina Vladimirovna
Kurumsal yazarlar: Национальный исследовательский Томский политехнический университет (ТПУ) Институт неразрушающего контроля (ИНК) Кафедра промышленной и медицинской электроники (ПМЭ), Национальный исследовательский Томский политехнический университет (ТПУ) Институт неразрушающего контроля (ИНК) Кафедра оборудования и технологии сварочного производства (ОТСП)
Diğer Yazarlar: Aristov A. A. Aleksandr Aleksandrovich (научный руководитель), Troitsky O. Yu. Oleg Yurievich
Özet:Заглавие с титульного экрана
Dil:İngilizce
Baskı/Yayın Bilgisi: 2015
Seri Bilgileri:Space instrument making
Konular:
Online Erişim:http://earchive.tpu.ru/handle/11683/64481
http://www.lib.tpu.ru/fulltext/c/2015/C22/082.pdf
Materyal Türü: MixedMaterials Elektronik Kitap Bölümü
KOHA link:https://koha.lib.tpu.ru/cgi-bin/koha/opac-detail.pl?biblionumber=612210

MARC

LEADER 00000naa2a2200000 4500
001 612210
005 20260421141501.0
035 |a (RuTPU)RU\TPU\conf\10322 
035 |a RU\TPU\conf\10321 
090 |a 612210 
100 |a 20150525d2015 k y0rusy50 ba 
101 0 |a eng 
102 |a RU 
135 |a drcn ---uucaa 
181 0 |a i  
182 0 |a b 
200 1 |a The Study of the Coagulation Process in Droplet Samples of Bioliquids  |f E. V. Nosova, A. A. Aristov  |g sci. adv. A. A. Aristov, O. Yu. Troitsky 
203 |a Текст  |c электронный 
225 1 |a Space instrument making 
300 |a Заглавие с титульного экрана 
320 |a [Библиогр.: с. 352 (2 назв.)] 
337 |a Adobe Reader 
463 1 |0 (RuTPU)RU\TPU\conf\9748  |t Космическое приборостроение  |o сборник научных трудов III Всероссийского форума школьников, студентов, аспирантов и молодых ученых с международным участием, г. Томск, 8-10 апреля 2015 г.  |f Национальный исследовательский Томский политехнический университет (ТПУ)  |v [С. 350-352]  |d 2015 
610 1 |a труды учёных ТПУ 
610 1 |a электронный ресурс 
610 1 |a коагуляция 
610 1 |a биожидкости 
610 1 |a космонавты 
700 1 |a Nosova  |b E. V.  |c specialist in the field of electrical engineering  |c engineer of Tomsk Polytechnic University  |f 1988-  |g Ekaterina Vladimirovna  |3 (RuTPU)RU\TPU\pers\34736 
701 1 |a Aristov  |b A. A.  |c specialist in the field of electronics  |c Associate Professor of Tomsk Polytechnic University, Candidate of technical sciences  |f 1972-  |g Aleksandr Aleksandrovich  |3 (RuTPU)RU\TPU\pers\31701  |9 15832 
702 1 |a Aristov  |b A. A.  |c specialist in the field of electronics  |c Associate Professor of Tomsk Polytechnic University, Candidate of technical sciences  |f 1972-  |g Aleksandr Aleksandrovich  |4 727 
702 1 |a Troitsky  |b O. Yu.  |c physicist  |c Professor of Tomsk Polytechnic University, Doctor of physical and mathematical sciences  |f 1943-  |g Oleg Yurievich  |4 727 
712 0 2 |a Национальный исследовательский Томский политехнический университет (ТПУ)  |b Институт неразрушающего контроля (ИНК)  |b Кафедра промышленной и медицинской электроники (ПМЭ)  |3 (RuTPU)RU\TPU\col\18719 
712 0 2 |a Национальный исследовательский Томский политехнический университет (ТПУ)  |b Институт неразрушающего контроля (ИНК)  |b Кафедра оборудования и технологии сварочного производства (ОТСП)  |3 (RuTPU)RU\TPU\col\18708 
801 2 |a RU  |b 63413507  |c 20210212  |g RCR 
856 4 |u http://earchive.tpu.ru/handle/11683/64481 
856 4 |u http://www.lib.tpu.ru/fulltext/c/2015/C22/082.pdf 
942 |c BK